000 00491nam a2200145Ia 4500
008 231129s2009||||xx |||||||||||||| ||spa||
020 _a978-958-705-445-3
040 _bspa
082 _aCo863.08 C744c
100 _aConcurso Nacional de Cuento (3: 2009: Bogotá)
245 0 _aColombia cuenta: Tercer Concurso Nacional de Cuento: Homenaje a Germán Espinosa
260 _c2009
264 _aDelfí­n; Ministerio de Educación Nacional
942 _2ddc
_cBKS
999 _c7314
_d7314